000 00494nam a2200157Ia 4500
008 220216s9999 xx 000 0 und d
100 _aPushpadas M.V.
245 0 _aStudies on preparation of leaf samples of rubber (Hevea brasiliensis). Part 1. Effect of air-drying on nutrient concentration in leaves
260 _bRubber Board Bulletin
_c1978
300 _a56-57
650 _aAir drying
650 _aLeaf analysis
700 _aKrishnakumari M.
700 _aRajammal G.
942 _cBS
999 _c51633
_d51633